Top Goalscorers in Europe's Top 5 Leagues 2023/24 - Statistics

General Stats
  • This quiz has been taken 184 times
  • The average score is 33 of 51
Answer Stats
Competition # Goals Club Answer % Correct
Premier League 1 27 Manchester City Erling Haaland
97%
Bundesliga 1 36 Bayern Munich Harry Kane
96%
Ligue 1 1 27 Paris Saint-Germain Kylian Mbappé
96%
Serie A 1 24 Inter Milan Lautaro Martínez
95%
Premier League 2 22 Chelsea Cole Palmer
94%
Premier League 7 18 Liverpool Mohamed Salah
94%
La Liga 3 19 Barcelona Robert Lewandowski
94%
Premier League 4 19 Manchester City Phil Foden
93%
Premier League 3 21 Newcastle United Alexander Isak
92%
Premier League 8 17 Tottenham Hotspur Son Heung-Min
92%
La Liga 8 15 Real Madrid Vinicius Junior
92%
La Liga 6 16 Atletico Madrid Antoine Griezmann
90%
La Liga 3 19 Real Madrid Jude Bellingham
89%
Premier League 9 16 Arsenal Bakayo Saka
88%
Serie A 2 16 Juventus Dušan Vlahović
87%
Premier League 4 19 Aston Villa Ollie Watkins
87%
Serie A 3 15 Napoli Victor Osimhen
87%
Serie A 3 15 AC Milan Olivier Giroud
82%
La Liga 1 24 Girona Artem Dovbyk
78%
Ligue 1 2 19 Olympique Lyon Alexandre Lacazette
77%
Ligue 1 2 19 Lille Jonathan David
77%
Premier League 4 19 Bournemouth Dominic Solanke
75%
Serie A 6 13 AS Roma Paulo Dybala
75%
Bundesliga 2 28 Vfb Stuttgart Serhou Guirassy
73%
Serie A 6 13 AS Roma Romelu Lukaku
72%
Bundesliga 8 14 Bayer Leverkusen Victor Boniface
71%
Serie A 6 13 Inter Milan Marcus Thuram
68%
Premier League 9 16 West Ham United Jarrod Bowen
67%
La Liga 8 15 Atletico Madrid Álvaro Morata
66%
Premier League 9 16 Crystal Palace Jean-Philippe Mateta
64%
Ligue 1 4 17 Olympique Marseille Pierre-Emerick Aubameyang
62%
La Liga 2 23 Villarreal Alexander Sørloth
61%
Bundesliga 3 24 RB Leipzig Lois Openda
60%
Ligue 1 5 16 AS Monaco Wissam Ben Yedder
58%
Bundesliga 8 14 RB Leipzig Benjamin Šeško
50%
La Liga 6 16 Sevilla Youssef En-Nesyri
50%
La Liga 5 17 Osasuna Ante Budimir
49%
Bundesliga 6 15 Hoffenheim Andrej Kramarić
48%
Serie A 6 13 Inter Milan Hakan Çalhanoğlu
45%
Ligue 1 8 11 Paris Saint-Germain Gonçalo Ramos
44%
Bundesliga 4 18 Vfb Stuttgart Deniz Undav
42%
Bundesliga 10 13 Borussia Dortmund Donyell Malen
35%
La Liga 8 15 Getafe Borja Mayoral
34%
Serie A 6 13 Torino Duván Zapata
24%
Bundesliga 6 15 Augsburg Ermedin Demirović
24%
Bundesliga 5 16 Hoffenheim Max Beier
20%
Serie A 5 14 Genoa Albert Guðmundsson
18%
Ligue 1 7 13 Metz Georges Mikautadze
18%
Ligue 1 8 11 Nice Terem Moffi
17%
Ligue 1 6 14 Toulouse Thijs Dallinga
17%
Ligue 1 10 10 Stade Rennais Arnaud Kalimuendo
11%
No matching quizzes found
Score Distribution
Percent of People with Each Score
Percentile by Number Answered
Your Score History
You have not taken this quiz